000 00557 a2200193 4500
999 _c6437
_d6437
020 _a9781920165314
050 _aPL8771 MMB 2007
100 _aMmbi M.N
_eauthor
245 _akha ri ditongise:
_bBugu ya mugudisi: Gireidi 12 /
_cM.N Mmbi [et...al]
264 _aThohoyandou:
_bDitlou Publishers,
_c2006.
300 _a327p. :
500 _aIn Venda
650 _aVenda
_xLanguages
700 _aMaphiri M.N
_eauthor
700 _aMaphiri N R
_eauthor
700 _aMutshaeni H.N
_eauthor
700 _aMuloiwa T.W
_eauthor
942 _2lcc
_cBK
_h8771
_iMmb
_kPL